HRD SCORECARD 2500 BASED ON HRD AUDIT (Record no. 21522)
[ view plain ]
| 000 -LEADER | |
|---|---|
| fixed length control field | 00316nam a2200121Ia 4500 |
| 008 - FIXED-LENGTH DATA ELEMENTS--GENERAL INFORMATION | |
| fixed length control field | 240624s9999 xx 000 0 und d |
| 041 ## - LANGUAGE CODE | |
| Language code of text/sound track or separate title | eng |
| 082 ## - DEWEY DECIMAL CLASSIFICATION NUMBER | |
| Classification number | 658.3 RAO |
| 100 ## - MAIN ENTRY--PERSONAL NAME | |
| Personal name | RAO T V |
| 245 ## - TITLE STATEMENT | |
| Title | HRD SCORECARD 2500 BASED ON HRD AUDIT |
| 260 ## - PUBLICATION, DISTRIBUTION, ETC. | |
| Date of publication, distribution, etc. | 2008 |
| Place of publication, distribution, etc. | New Delhi |
| Name of publisher, distributor, etc. | Response Books |
| 300 ## - PHYSICAL DESCRIPTION | |
| Extent | 297 : p. : cm. ; 24 |
| Withdrawn status | Lost status | Damaged status | Not for loan | Home library | Current library | Shelving location | Date acquired | Full call number | Barcode | Date last seen | Price effective from | Koha item type |
|---|---|---|---|---|---|---|---|---|---|---|---|---|
| IMTN | IMTN | Rack 23-B | 07/22/2013 | 658.3 RAO | 21522 | 06/24/2024 | 06/24/2024 | Books |